Economic transition in Africa (Record no. 40939)

MARC details
000 -LEADER
fixed length control field 00632nam a2200181 a 4500
008 - FIXED-LENGTH DATA ELEMENTS--GENERAL INFORMATION
fixed length control field 120416s1964 ||||||||||||||||| || u
050 ## - LIBRARY OF CONGRESS CALL NUMBER
Classification number HC 800 Eco
100 ## - MAIN ENTRY--PERSONAL NAME
Personal name Herskovits, Melville Jean
245 10 - TITLE STATEMENT
Title Economic transition in Africa
246 ## - VARYING FORM OF TITLE
Title proper/short title Melville J. Herkovits
260 ## - PUBLICATION, DISTRIBUTION, ETC.
Place of publication, distribution, etc. London
Name of publisher, distributor, etc. Routledge and Kegan Paul
Date of publication, distribution, etc. 1964
300 ## - PHYSICAL DESCRIPTION
Extent xviii, 44p. : ill
350 ## - PRICE (NR) (BK AM CF MU VM SE) [OBSOLETE]
Price 0.00
650 ## - SUBJECT ADDED ENTRY--TOPICAL TERM
Topical term or geographic name entry element ECONOMIC TRANSITION--AFRICA
650 #0 - SUBJECT ADDED ENTRY--TOPICAL TERM
Topical term or geographic name entry element ECONOMICS
700 ## - ADDED ENTRY--PERSONAL NAME
Personal name Harwitz, Mitchell
995 ## - RECOMMENDATION 995 [LOCAL, UNIMARC FRANCE]
-- 0.00
-- CBU-MAIN LIBRARY (Kitwe)
-- 1
-- 0.00
-- AVAILABLE
-- Annex Low-Usage Collection
Holdings
Withdrawn status Lost status Source of classification or shelving scheme Damaged status Not for loan Home library Current library Shelving location Date acquired Total Checkouts Full call number Barcode Date last seen Price effective from Koha item type
          CBU-MAIN LIBRARY, KITWE. CBU-MAIN LIBRARY, KITWE.   11/30/2022   HC 800 Eco 003272 11/30/2022 11/30/2022 MONOGRAPH